Code des investissements /

Saved in:
நூற்பட்டியல் விவரங்கள்
குழும எழுத்தாளர்கள்: Mali., Mali. Direction nationale des industries.
வடிவம்: புத்தகம்
மொழி:French
வெளியீடப்பட்டது: [Bamako?] : La Direction, [1991?]
பகுதிகள்:
குறியீடுகள்: குறிச்சொல் இணை
குறியீடுகள் இல்லை, இந்த குறிச்சொல்லை முதலில் பதிவு செய்யுங்கள்!
LEADER 00886cam a2200253 a 4500
001 005292698-2
005 20100214202441.0
008 050707s1991 ml l f000 0 fre
010 |a  94241307  
035 0 |a ocm37720817 
040 |a DLC  |c DLC 
043 |a f-ml--- 
050 0 0 |a KST100.9.A31991  |b A7 1991 
082 0 0 |a 346.6623/092  |2 21 
110 1 |a Mali. 
245 1 0 |a Code des investissements /  |c Direction nationale des industries, République du Mali. 
260 |a [Bamako?] :  |b La Direction,  |c [1991?] 
300 |a 24 p. ;  |c 30 cm. 
500 |a "Cette publication a été réalisée grâce à une subvention du Centre de recherche pour le développement international--CRDI--Ottawa (Canada)." 
650 0 |a Investments  |x Law and legislation  |z Mali. 
655 7 |a Statutes and codes.  |2 lcgft 
710 1 |a Mali.  |b Direction nationale des industries. 
988 |a 20020608 
906 |0 DLC